000 00455nam a2200181Ia 4500
005 20250423101206.0
008 250422s9999 xx 000 0 und d
020 _a0-9620413-2-7
050 _aHF 5548 .2 S825/
100 _aPaul A. Strassmann
245 4 _aThe business value of computer
260 _aConnecticut
260 _bThe information economics press
260 _c1990
300 _a522 p
650 _aStrategic Planning
942 _cBK
999 _c35568
_d35568